[Event "21.Wörishofen-Seniorenen op"]
[Site "Bad Wörishofen (03.03.-11.03)"]
[Date "2005.03.08"]
[Round "6.10"]
[White "Klempt, Guenter"]
[Black "Delander, Adolf"]
[Result "1/2-1/2"]
[WhiteElo "1943"]
[BlackElo "2030"]
[PlyCount "38"]
[EventDate "2005.03.??"]
[Source "Chessorg"]
[SourceDate "2005.12.10"]

1. d4 d5 2. c4 c6 3. Nf3 Nf6 4. Bg5 dxc4 5. e3 Ne4 6. Bh4 Qa5+ 7. Nfd2 b5 8.
Be2 Bb7 9. O-O Nxd2 10. Nxd2 Qb6 11. a4 a6 12. Ne4 e6 13. Qc2 Nd7 14. a5 Qc7
15. Bg3 Qd8 16. Nd6+ Bxd6 17. Bxd6 Nf6 18. Bc5 Nd7 19. Bd6 Nf6 1/2-1/2

[Event "21.Wörishofen-Seniorenen op"]
[Site "Bad Wörishofen (03.03.-11.03)"]
[Date "2005.03.08"]
[Round "6.11"]
[White "Reimann, Guenther"]
[Black "Budt, Karl-Heinz"]
[Result "1/2-1/2"]
[WhiteElo "1927"]
[BlackElo "2002"]
[PlyCount "41"]
[EventDate "2005.03.??"]
[Source "Chessorg"]
[SourceDate "2005.12.10"]

1. c4 e6 2. d3 c5 3. Nf3 d5 4. Nbd2 Nf6 5. g3 Be7 6. Bg2 O-O 7. a3 Nc6 8. b3 b6
9. O-O Bb7 10. Qc2 Qd7 11. Bh3 dxc4 12. Nxc4 Nd4 13. Nxd4 cxd4 14. Ne5 Qd5 15.
Nf3 Rac8 16. Qb2 Rc3 17. Bg2 Ba8 18. Bd2 Rxb3 19. Qxd4 Rxa3 20. Rxa3 Bxa3 21.
Qxd5 1/2-1/2

[Event "21.Wörishofen-Seniorenen op"]
[Site "Bad Wörishofen (03.03.-11.03)"]
[Date "2005.03.08"]
[Round "6.12"]
[White "Wolf, Alfred[34Bliestal]"]
[Black "Kraft, Hans"]
[Result "0-1"]
[WhiteElo "1736"]
[BlackElo "2052"]
[PlyCount "76"]
[EventDate "2005.03.??"]
[Source "Chessorg"]
[SourceDate "2005.12.10"]

1. d4 Nf6 2. c4 g6 3. Nc3 Bg7 4. e4 d6 5. f3 O-O 6. Bg5 e5 7. d5 c6 8. Bd3 cxd5
9. cxd5 Na6 10. Rc1 Nc5 11. Bb1 a5 12. Nge2 Bd7 13. Qd2 b5 14. O-O b4 15. Nd1
Bb5 16. Nf2 Qb6 17. Be3 Qa6 18. Rfe1 Nfd7 19. Ng3 b3 20. a3 Rfc8 21. Ne2 Nb6
22. Nc3 Nc4 23. Qe2 Nxa3 24. Nxb5 Nxb5 25. Rc4 Nd4 26. Qf1 a4 27. Rec1 a3 28.
bxa3 Qxa3 29. Nd3 Qa5 30. f4 f6 31. Nxc5 Rxc5 32. Bxd4 exd4 33. Bd3 Qd2 34.
Rxc5 dxc5 35. Rxc5 Qe3+ 36. Kh1 Qxd3 37. Qc1 b2 38. Rc8+ Bf8 0-1

[Event "21.Wörishofen-Seniorenen op"]
[Site "Bad Wörishofen (03.03.-11.03)"]
[Date "2005.03.08"]
[Round "6.13"]
[White "Semmler, Guenter"]
[Black "Hein, Manfred[36Gunzenh]"]
[Result "1/2-1/2"]
[WhiteElo "1920"]
[BlackElo "2038"]
[PlyCount "24"]
[EventDate "2005.03.??"]
[Source "Chessorg"]
[SourceDate "2005.12.10"]

1. Nf3 d5 2. d4 c6 3. g3 Nf6 4. Bg2 g6 5. O-O Bg7 6. c4 O-O 7. Nc3 Ne4 8. cxd5
Nxc3 9. bxc3 cxd5 10. Rb1 Nd7 11. Bf4 Nb6 12. Nd2 Be6 1/2-1/2

[Event "21.Wörishofen-Seniorenen op"]
[Site "Bad Wörishofen (03.03.-11.03)"]
[Date "2005.03.08"]
[Round "6.14"]
[White "Diete, Guenter"]
[Black "Czeitschner, Roland"]
[Result "1/2-1/2"]
[WhiteElo "1696"]
[BlackElo "1766"]
[PlyCount "69"]
[EventDate "2005.03.??"]
[Source "Chessorg"]
[SourceDate "2005.12.10"]

1. e4 e5 2. Nf3 Nf6 3. Bc4 Nxe4 4. Qe2 d5 5. Bb3 Bc5 6. O-O O-O 7. d3 Nf6 8.
Bg5 e4 9. dxe4 dxe4 10. Nfd2 e3 11. fxe3 Be7 12. Nc3 Nc6 13. Rad1 Bg4 14. Nf3
Qc8 15. h3 Be6 16. Bxf6 Bxf6 17. Ne4 Bxb2 18. c3 Ba3 19. Nfg5 Bxb3 20. axb3 h6
21. Qh5 Ne5 22. Nf6+ Kh8 23. Nfh7 Rd8 24. Rxd8+ Qxd8 25. Rxf7 Qd2 26. Rf1 Qxe3+
27. Kh1 Bd6 28. h4 Qg3 29. Ne4 Qd3 30. Qf5 Qd5 31. Nhf6 gxf6 32. Qxf6+ Kh7 33.
Qf5+ Kh8 34. Qf6+ Kh7 35. Qf5+ 1/2-1/2

[Event "21.Wörishofen-Seniorenen op"]
[Site "Bad Wörishofen (03.03.-11.03)"]
[Date "2005.03.08"]
[Round "6.15"]
[White "Schmid, Hermann[39Peiting]"]
[Black "Josting, Friedel"]
[Result "1/2-1/2"]
[WhiteElo "2055"]
[BlackElo "1886"]
[PlyCount "159"]
[EventDate "2005.03.??"]
[Source "Chessorg"]
[SourceDate "2005.12.10"]

1. d4 Nf6 2. Nf3 e6 3. e3 b6 4. Nbd2 Bb7 5. Bd3 d5 6. Ne5 Bd6 7. f4 Nbd7 8. Qf3
O-O 9. O-O c5 10. c3 Rc8 11. g4 g6 12. h4 Ne4 13. g5 f5 14. Nxd7 Qxd7 15. Kg2
Qg7 16. Rh1 Rc7 17. Nf1 h5 18. gxh6 Qxh6 19. Bd2 Rfc8 20. Rd1 Qh5 21. Ng3 Qxf3+
22. Kxf3 Rh7 23. Rh2 g5 24. Be1 gxh4 25. Ne2 Be7 26. Bf2 Kf7 27. Rg1 Rg8 28.
Rxg8 Kxg8 29. Be1 Kf7 30. Kg2 Bc6 31. Kh3 Be8 32. Ng1 Nf6 33. Nf3 Ng4 34. Re2
Kf8 35. Bxh4 Bh5 36. Bxe7+ Kxe7 37. Ng5 Rh8 38. Kg3 Bg6 39. Re1 Nf6 40. Kg2 Ng4
41. Nf3 Be8 42. Kg3 Bf7 43. Ng5 Nf6 44. Kf3 Bh5+ 45. Kg2 Bg4 46. Rg1 Ne4 47.
Bxe4 dxe4 48. dxc5 bxc5 49. b4 cxb4 50. cxb4 Rc8 51. a4 Rc3 52. Rh1 Rxe3 53.
Rh7+ Kd6 54. Rxa7 Rb3 55. b5 e3 56. Ra6+ Kd5 57. Rxe6 e2 58. Re5+ Kc4 59. Kf2
Rb1 60. Rxe2 Bxe2 61. Kxe2 Kd5 62. Nh7 Rb4 63. Nf6+ Ke6 64. Nh5 Rxa4 65. Ng7+
Kf6 66. Ne8+ Ke7 67. Nc7 Kd6 68. Ne8+ Kd5 69. Nc7+ Ke4 70. Kd2 Ra7 71. Ne6 Rd7+
72. Kc3 Rd6 73. Nf8 Kxf4 74. Kc4 Ke3 75. Kc5 f4 76. Kxd6 f3 77. b6 f2 78. b7
f1=Q 79. Nd7 Qf4+ 80. Kc6 1/2-1/2

[Event "21.Wörishofen-Seniorenen op"]
[Site "Bad Wörishofen (03.03.-11.03)"]
[Date "2005.03.08"]
[Round "6.18"]
[White "Vorderbruegge, Franz-Josef"]
[Black "Von Hoesslin, Holger"]
[Result "1/2-1/2"]
[WhiteElo "1729"]
[BlackElo "1601"]
[PlyCount "91"]
[EventDate "2005.03.??"]
[Source "Chessorg"]
[SourceDate "2005.12.10"]

1. d4 Nf6 2. c4 c5 3. Nf3 g6 4. g3 b6 5. Bg2 Bb7 6. O-O Qc7 7. Nc3 a6 8. d5 d6
9. e4 Bg7 10. Re1 Nbd7 11. Bf4 O-O 12. Rb1 Rfe8 13. Qd3 Nh5 14. Bg5 Rad8 15. b3
h6 16. Bd2 e6 17. Bh3 exd5 18. Nxd5 Bxd5 19. exd5 Ne5 20. Nxe5 dxe5 21. Bc3 Qd6
22. Re3 f5 23. Qd1 f4 24. Re1 Qe7 25. Qc2 Kh7 26. Be6 Qg5 27. Qe2 fxg3 28. hxg3
Nxg3 29. Qe3 Qxe3 30. Rxe3 Nf5 31. Bxf5 gxf5 32. Rbe1 e4 33. Bxg7 Kxg7 34. f3
Kf6 35. fxe4 Rxe4 36. Rxe4 fxe4 37. Rxe4 Rd6 38. Kf2 Kf5 39. Re8 Rf6 40. Kg3
Rg6+ 41. Kf2 Rf6 42. Rh8 Ke4+ 43. Ke2 Rg6 44. Rf8 Rg2+ 45. Rf2 Rg6 46. Kf1
1/2-1/2

[Event "21.Wörishofen-Seniorenen op"]
[Site "Bad Wörishofen (03.03.-11.03)"]
[Date "2005.03.08"]
[Round "6.19"]
[White "Mueller, Manfred[42Senftenb]"]
[Black "Schmidt, Eugen[35Baden]"]
[Result "1-0"]
[WhiteElo "1901"]
[BlackElo "1882"]
[PlyCount "115"]
[EventDate "2005.03.??"]
[Source "Chessorg"]
[SourceDate "2005.12.10"]

1. e4 c5 2. Nf3 Nc6 3. d4 cxd4 4. Nxd4 Nf6 5. Nc3 e5 6. Ndb5 d6 7. Bg5 a6 8.
Na3 b5 9. Nd5 Qa5+ 10. Qd2 Qxd2+ 11. Bxd2 Nxd5 12. exd5 Ne7 13. c4 Nf5 14. cxb5
Be7 15. Bc3 O-O 16. Bd3 Nh4 17. O-O f5 18. f3 Ng6 19. g3 Bb7 20. Bc4 Rfc8 21.
bxa6 Bxa6 22. Bxa6 Rxa6 23. Nc2 Bd8 24. Kg2 h5 25. Nb4 Ra5 26. Rfd1 f4 27. Nc6
Raa8 28. Nxd8 Rxd8 29. a4 fxg3 30. hxg3 h4 31. a5 hxg3 32. Kxg3 Nf4 33. Kf2 Rf8
34. Ra4 Rf6 35. Rc4 Raf8 36. a6 Nh3+ 37. Ke1 Rxf3 38. Kd2 Nf2 39. Rg1 Ra8 40.
Rc7 Ne4+ 41. Ke2 Rf7 42. Rc6 Nxc3+ 43. bxc3 Rd7 44. Rg6 Rad8 45. Kd3 Kh7 46.
Rg1 Ra8 47. Rb1 Kg6 48. Rb7 Ra7 49. Rbb6 Kf5 50. Rxd6 Rxd6 51. Rxd6 g5 52. c4
g4 53. Ke3 Rh7 54. Rd8 Rh3+ 55. Ke2 Ra3 56. Rf8+ Ke4 57. d6 Ra2+ 58. Kf1 1-0

[Event "21.Wörishofen-Seniorenen op"]
[Site "Bad Wörishofen (03.03.-11.03)"]
[Date "2005.03.08"]
[Round "6.20"]
[White "Fels, Karl-Heinz"]
[Black "Mentel, Juergen,Dr."]
[Result "0-1"]
[WhiteElo "1785"]
[BlackElo "1963"]
[PlyCount "20"]
[EventDate "2005.03.??"]
[Source "Chessorg"]
[SourceDate "2005.12.10"]

1. e4 c5 2. Nf3 a6 3. d4 cxd4 4. Nxd4 Nf6 5. Bd3 e5 6. Nf3 d5 7. Qe2 d4 8. O-O
Nc6 9. h3 Bc5 10. Bg5 h6 0-1

[Event "21.Wörishofen-Seniorenen op"]
[Site "Bad Wörishofen (03.03.-11.03)"]
[Date "2005.03.08"]
[Round "6.21"]
[White "Blosze, Winfried"]
[Black "Gehrmann, Rudolf-Rainer"]
[Result "0-1"]
[WhiteElo "1688"]
[BlackElo "2017"]
[PlyCount "98"]
[EventDate "2005.03.??"]
[Source "Chessorg"]
[SourceDate "2005.12.10"]

1. e4 c5 2. d4 cxd4 3. c3 d3 4. c4 g6 5. Bxd3 Bg7 6. Nc3 Nc6 7. Be3 d6 8. Qd2
Bd7 9. Rc1 Rc8 10. Nf3 Nf6 11. O-O O-O 12. Bh6 Bg4 13. Bxg7 Kxg7 14. Be2 Bxf3
15. gxf3 e5 16. f4 Nd4 17. fxe5 dxe5 18. Kg2 Rc6 19. Qe3 Rd6 20. Nd5 Re8 21.
Bd3 Nxd5 22. cxd5 Qb6 23. Qd2 Rf6 24. f3 Rf4 25. Qf2 Rxf3 26. Qxd4 Qxd4 27.
Rxf3 Qxb2+ 28. Rc2 Qb6 29. Bc4 Qd6 30. Bb3 Re7 31. Rfc3 f5 32. exf5 gxf5 33.
Rg3+ Kf6 34. Rh3 Rg7+ 35. Kh1 Ke7 36. Rhc3 Qb6 37. Rc7+ Kf6 38. Rxg7 Kxg7 39.
Rd2 Qd6 40. Kg2 e4 41. h3 Kf6 42. Rc2 f4 43. Rc8 f3+ 44. Kf1 Qa6+ 45. Bc4 Qd6
46. Re8 Qh2 47. Re6+ Kf5 48. d6 Qg2+ 49. Ke1 f2+ 0-1

[Event "21.Wörishofen-Seniorenen op"]
[Site "Bad Wörishofen (03.03.-11.03)"]
[Date "2005.03.08"]
[Round "6.22"]
[White "Niebaum, Karl"]
[Black "Kreie, Guenter"]
[Result "1/2-1/2"]
[WhiteElo "1774"]
[BlackElo "1847"]
[PlyCount "41"]
[EventDate "2005.03.??"]
[Source "Chessorg"]
[SourceDate "2005.12.10"]

1. d4 Nf6 2. Bg5 e6 3. Nf3 Be7 4. e3 c5 5. dxc5 Qa5+ 6. Nbd2 Qxc5 7. Bd3 d5 8.
O-O Nc6 9. c3 O-O 10. Re1 e5 11. e4 Bg4 12. Bxf6 Bxf6 13. exd5 Qxd5 14. Qc2 g6
15. h3 Bxf3 16. Nxf3 Rac8 17. Be4 Qa5 18. Qb3 Qc7 19. Rad1 Rcd8 20. Rxd8 Rxd8
21. Qc4 1/2-1/2

[Event "21.Wörishofen-Seniorenen op"]
[Site "Bad Wörishofen (03.03.-11.03)"]
[Date "2005.03.08"]
[Round "6.23"]
[White "Rueggeberg, Wilhelm"]
[Black "Schumacher, Horst[36Holtenau]"]
[Result "1/2-1/2"]
[WhiteElo "1801"]
[BlackElo "1723"]
[PlyCount "100"]
[EventDate "2005.03.??"]
[Source "Chessorg"]
[SourceDate "2005.12.10"]

1. d4 d5 2. Nf3 Bf5 3. c4 e6 4. Nc3 Nc6 5. a3 Nf6 6. Bg5 Be7 7. e3 Ne4 8. Bxe7
Nxe7 9. Be2 Nxc3 10. bxc3 O-O 11. O-O dxc4 12. Bxc4 Bg4 13. Be2 Ng6 14. h3 Bxf3
15. Bxf3 c6 16. Rb1 Qc7 17. Rb3 Rfd8 18. Qb1 Rab8 19. Qb2 Ne7 20. c4 Rd7 21.
Rb1 Nc8 22. c5 Ne7 23. e4 Qd8 24. Rd1 Ng6 25. g3 Ne7 26. Rbd3 b6 27. Qc3 b5 28.
d5 exd5 29. Rd4 g6 30. g4 Qc7 31. exd5 cxd5 32. Bxd5 Rbd8 33. Qb3 Kf8 34. Qf3
Nxd5 35. Rxd5 Qc6 36. Rxd7 Qxf3 37. Rxd8+ Kg7 38. R1d3 Qe2 39. R8d5 Qe1+ 40.
Kg2 Qe4+ 41. Kg3 Qc4 42. h4 a5 43. g5 b4 44. axb4 axb4 45. R3d4 Qc3+ 46. Rd3
Qc4 47. R3d4 Qb5 48. Rd2 b3 49. Rb2 Qc4 50. Rdd2 Qxc5 1/2-1/2

[Event "21.Wörishofen-Seniorenen op"]
[Site "Bad Wörishofen (03.03.-11.03)"]
[Date "2005.03.08"]
[Round "6.24"]
[White "Paulsen, Eckart"]
[Black "Born, Bernd-Ludger,Dr."]
[Result "0-1"]
[WhiteElo "1636"]
[BlackElo "1954"]
[PlyCount "52"]
[EventDate "2005.03.??"]
[Source "Chessorg"]
[SourceDate "2005.12.10"]

1. e4 e6 2. d3 d5 3. Nd2 Nf6 4. Ngf3 Be7 5. g3 c5 6. Bg2 Nc6 7. O-O O-O 8. Re1
dxe4 9. dxe4 e5 10. a4 Qc7 11. c3 Rd8 12. Qc2 Ne8 13. Nc4 Be6 14. Ne3 c4 15.
Bf1 Na5 16. Nd5 Bxd5 17. exd5 Rxd5 18. Qe4 Nf6 19. Qf5 e4 20. Qf4 Bd6 21. Qe3
exf3 22. Qxf3 Nb3 23. Rb1 Rd8 24. Be3 Nd2 25. Bxd2 Rxd2 26. Qe3 Bc5 0-1

[Event "21.Wörishofen-Seniorenen op"]
[Site "Bad Wörishofen (03.03.-11.03)"]
[Date "2005.03.08"]
[Round "6.26"]
[White "Will, Michael[40Naumb]"]
[Black "Hommann, Horst"]
[Result "1-0"]
[WhiteElo "1753"]
[BlackElo "1609"]
[PlyCount "105"]
[EventDate "2005.03.??"]
[Source "Chessorg"]
[SourceDate "2005.12.10"]

1. d4 d5 2. f3 e6 3. Nh3 Nf6 4. Bg5 Be7 5. c3 Nbd7 6. Nd2 h6 7. Bh4 c6 8. Nf2
e5 9. e3 exd4 10. exd4 O-O 11. Bd3 Re8 12. O-O Nf8 13. Bxf6 Bxf6 14. Qc2 Qd6
15. Rfe1 Bd7 16. g3 g6 17. f4 Rxe1+ 18. Rxe1 Re8 19. Rxe8 Bxe8 20. Ng4 Kg7 21.
Nf3 Bd7 22. Nxf6 Qxf6 23. Ne5 Be6 24. Qa4 a6 25. Qb4 Bc8 26. c4 Qe6 27. cxd5
cxd5 28. Qd2 Nd7 29. Qf2 Nxe5 30. dxe5 f6 31. exf6+ Qxf6 32. Qc5 Be6 33. Qc7+
Qf7 34. Qxf7+ Kxf7 35. Kf2 Kf6 36. Ke3 a5 37. a3 b6 38. Kd4 Bf7 39. g4 Ke6 40.
f5+ gxf5 41. Bxf5+ Kd6 42. h4 Bg8 43. h5 Ke7 44. g5 hxg5 45. h6 Kf6 46. h7 Bxh7
47. Bxh7 g4 48. Bg8 Kf5 49. Bxd5 Kf4 50. Bh1 g3 51. Kd5 b5 52. Kc5 b4 53. a4
1-0

[Event "21.Wörishofen-Seniorenen op"]
[Site "Bad Wörishofen (03.03.-11.03)"]
[Date "2005.03.08"]
[Round "6.27"]
[White "Neumann, Erwin"]
[Black "Litterst, Reinhard"]
[Result "1/2-1/2"]
[WhiteElo "1769"]
[BlackElo "1843"]
[PlyCount "41"]
[EventDate "2005.03.??"]
[Source "Chessorg"]
[SourceDate "2005.12.10"]

1. e4 c5 2. Nf3 d6 3. c3 Nf6 4. Be2 Nc6 5. d4 cxd4 6. Nxd4 Bd7 7. f3 a6 8. Be3
Qc7 9. O-O e6 10. Nd2 Be7 11. f4 O-O 12. Bf3 e5 13. Nxc6 Bxc6 14. Qb3 Qd7 15.
c4 b5 16. fxe5 dxe5 17. c5 Rad8 18. Qc3 Qd3 19. Rac1 Rd7 20. Bg5 Qxc3 21. Rxc3
1/2-1/2

[Event "21.Wörishofen-Seniorenen op"]
[Site "Bad Wörishofen (03.03.-11.03)"]
[Date "2005.03.08"]
[Round "6.28"]
[White "Schurig, Wilhelm"]
[Black "Tochtermann, Georg,Dr."]
[Result "1-0"]
[WhiteElo "1970"]
[BlackElo "1789"]
[PlyCount "89"]
[EventDate "2005.03.??"]
[Source "Chessorg"]
[SourceDate "2005.12.10"]

1. Nf3 Nf6 2. g3 b6 3. Bg2 Bb7 4. d3 g6 5. Nbd2 Bg7 6. O-O O-O 7. e4 d6 8. Qe2
e5 9. Ne1 Nbd7 10. f4 Re8 11. f5 d5 12. g4 dxe4 13. Nxe4 Nxe4 14. Bxe4 Bxe4 15.
dxe4 g5 16. Nf3 Bf6 17. Be3 Qe7 18. Rfd1 h6 19. Qc4 c5 20. Rd5 Rad8 21. Rad1
Nb8 22. c3 Rxd5 23. Rxd5 Rd8 24. b4 Rxd5 25. Qxd5 Qd7 26. bxc5 Qxd5 27. exd5
bxc5 28. Bxc5 a6 29. Nd2 Nd7 30. Ne4 Bd8 31. Kf2 f6 32. Ke2 Ba5 33. Kd3 h5 34.
h3 hxg4 35. hxg4 Kf7 36. a4 Bb6 37. Bxb6 Nxb6 38. c4 Nxa4 39. c5 Nb2+ 40. Kc2
Nc4 41. Kd3 Nb2+ 42. Kc3 Na4+ 43. Kb3 Nxc5+ 44. Nxc5 a5 45. Ne4 1-0

[Event "21.Wörishofen-Seniorenen op"]
[Site "Bad Wörishofen (03.03.-11.03)"]
[Date "2005.03.08"]
[Round "6.29"]
[White "Schuler, Georg"]
[Black "Huhn, Ulrich"]
[Result "1-0"]
[WhiteElo "1885"]
[BlackElo "1708"]
[PlyCount "51"]
[EventDate "2005.03.??"]
[Source "Chessorg"]
[SourceDate "2005.12.10"]

1. c4 d5 2. cxd5 Nf6 3. Nc3 Nxd5 4. g3 c6 5. Bg2 e5 6. Nf3 Bd6 7. Qb3 Nxc3 8.
bxc3 Qb6 9. Rb1 Qxb3 10. Rxb3 Nd7 11. d4 exd4 12. cxd4 Nb6 13. Re3+ Kf8 14. O-O
Be6 15. Ba3 Ke7 16. Rc1 Nd5 17. Bxd6+ Kxd6 18. Rb3 Rab8 19. Ne5 Rhc8 20. Rb2 c5
21. Nc4+ Kd7 22. e4 Nb4 23. e5 Nd3 24. dxc5 Ke7 25. Re1 Nxb2 26. Nxb2 1-0

[Event "21.Wörishofen-Seniorenen op"]
[Site "Bad Wörishofen (03.03.-11.03)"]
[Date "2005.03.08"]
[Round "6.30"]
[White "Ganslmayer, Herbert"]
[Black "Richter, Helmut[27Mühlacker]"]
[Result "1-0"]
[WhiteElo "1855"]
[BlackElo "1692"]
[PlyCount "59"]
[EventDate "2005.03.??"]
[Source "Chessorg"]
[SourceDate "2005.12.10"]

1. d4 Nf6 2. e3 g6 3. g3 Bg7 4. Bg2 d5 5. Nf3 O-O 6. O-O c6 7. Nbd2 Nbd7 8. b3
Re8 9. Re1 e5 10. dxe5 Nxe5 11. Nxe5 Rxe5 12. Bb2 Re8 13. Nf3 Bg4 14. Bd4 Nh5
15. h3 Bxf3 16. Qxf3 Bxd4 17. exd4 Qd7 18. g4 Ng7 19. Bf1 Rxe1 20. Rxe1 Re8 21.
Rd1 Qe7 22. c4 Qe4 23. Qxe4 dxe4 24. d5 c5 25. a3 f5 26. b4 b6 27. bxc5 bxc5
28. Rb1 Re7 29. Rb8+ Re8 30. Rb7 1-0

[Event "21.Wörishofen-Seniorenen op"]
[Site "Bad Wörishofen (03.03.-11.03)"]
[Date "2005.03.08"]
[Round "6.32"]
[White "Mittelsteiner, Horst"]
[Black "Molez, Karl"]
[Result "0-1"]
[WhiteElo "1614"]
[BlackElo "1842"]
[PlyCount "60"]
[EventDate "2005.03.??"]
[Source "Chessorg"]
[SourceDate "2005.12.10"]

1. e4 c5 2. Nf3 e6 3. d4 cxd4 4. Nxd4 a6 5. Bd3 Qc7 6. O-O Nf6 7. Qe2 d6 8. c4
Be7 9. Nc3 Nbd7 10. f4 b6 11. Kh1 Bb7 12. a3 O-O 13. Nf3 Rac8 14. Be3 Nc5 15.
Bxc5 Qxc5 16. b4 Qc7 17. Rac1 Qb8 18. e5 Nd7 19. exd6 Bxd6 20. Bxh7+ Kxh7 21.
Ng5+ Kg8 22. Qh5 Nf6 23. Qh4 Rxc4 24. Ne2 Rfc8 25. Rcd1 Rc2 26. Rde1 R8c4 27.
Qh3 Bxf4 28. Rxf4 Rxf4 29. Nxf4 Qxf4 30. Nxe6 Rc1 0-1

[Event "21.Wörishofen-Seniorenen op"]
[Site "Bad Wörishofen (03.03.-11.03)"]
[Date "2005.03.08"]
[Round "6.33"]
[White "Harke, Horst"]
[Black "Scheidt, Eugen"]
[Result "1/2-1/2"]
[WhiteElo "1657"]
[BlackElo "1738"]
[PlyCount "30"]
[EventDate "2005.03.??"]
[Source "Chessorg"]
[SourceDate "2005.12.10"]

1. d4 Nf6 2. Nf3 d5 3. e3 Bf5 4. Bd3 Bxd3 5. Qxd3 c6 6. Nbd2 e6 7. O-O Nbd7 8.
b3 Bd6 9. Bb2 Qb8 10. e4 dxe4 11. Nxe4 Nxe4 12. Qxe4 Nf6 13. Qe2 O-O 14. c4 Re8
15. Rad1 Qc7 1/2-1/2

[Event "21.Wörishofen-Seniorenen op"]
[Site "Bad Wörishofen (03.03.-11.03)"]
[Date "2005.03.08"]
[Round "6.34"]
[White "Xander, Karl,Dr."]
[Black "Gehrmann, Dorit"]
[Result "1/2-1/2"]
[WhiteElo "1886"]
[BlackElo "1890"]
[PlyCount "65"]
[EventDate "2005.03.??"]
[Source "Chessorg"]
[SourceDate "2005.12.10"]

1. e4 c5 2. Nf3 Nc6 3. d4 cxd4 4. Nxd4 Nf6 5. Nc3 d6 6. Bc4 g6 7. Nxc6 bxc6 8.
e5 Nh5 9. O-O d5 10. Nxd5 Bg7 11. g4 Bxg4 12. Qxg4 cxd5 13. Bb5+ Kf8 14. Qd4 e6
15. f4 Kg8 16. Qf2 Bf8 17. Bd3 Qc7 18. Be3 Be7 19. Rac1 h6 20. c4 dxc4 21. Rxc4
Qa5 22. b3 Kg7 23. Qg2 Rac8 24. Rfc1 Rxc4 25. Rxc4 Kh7 26. Qe2 Rd8 27. Be4 Rd7
28. Bc6 Rc7 29. Qd2 Qxd2 30. Bxd2 Rc8 31. Kf1 Bd8 32. Ke2 Bb6 33. a4 1/2-1/2

[Event "21.Wörishofen-Seniorenen op"]
[Site "Bad Wörishofen (03.03.-11.03)"]
[Date "2005.03.08"]
[Round "6.35"]
[White "Selg, Rudolf"]
[Black "Rudolph, Joachim"]
[Result "1/2-1/2"]
[WhiteElo "1807"]
[BlackElo "1683"]
[PlyCount "50"]
[EventDate "2005.03.??"]
[Source "Chessorg"]
[SourceDate "2005.12.10"]

1. e4 e6 2. d4 d5 3. Nc3 Nf6 4. e5 Nfd7 5. f4 f5 6. Nf3 Be7 7. Be3 Nb6 8. Bd3
Bd7 9. Qe2 Na4 10. Nxa4 Bxa4 11. Bb5+ Bxb5 12. Qxb5+ Nd7 13. h4 Rb8 14. Ng5
Bxg5 15. hxg5 c6 16. Qe2 g6 17. Rd1 Qe7 18. Rd3 Qg7 19. Rh6 Nf8 20. Bd2 Nd7 21.
Bb4 Rc8 22. Ra3 Ra8 23. Qd2 Nb6 24. b3 Qd7 25. Qd3 Kf7 1/2-1/2

[Event "21.Wörishofen-Seniorenen op"]
[Site "Bad Wörishofen (03.03.-11.03)"]
[Date "2005.03.08"]
[Round "6.36"]
[White "Erler, Klaus-Juergen"]
[Black "Richter, Gerhard,Dr.[28Marb]"]
[Result "0-1"]
[WhiteElo "1569"]
[BlackElo "1757"]
[PlyCount "120"]
[EventDate "2005.03.??"]
[Source "Chessorg"]
[SourceDate "2005.12.10"]

1. c4 f5 2. Nf3 Nf6 3. Nc3 d6 4. d4 g6 5. e3 Bg7 6. Be2 O-O 7. O-O Qe8 8. b3 e5
9. dxe5 dxe5 10. Bb2 c6 11. Qc2 e4 12. Nd4 Na6 13. Ba3 Rf7 14. Rad1 Kh8 15. Qd2
Rd7 16. Qc1 Nc7 17. Rd2 Ne6 18. Nxe6 Qxe6 19. Rfd1 h6 20. Rd6 Qf7 21. c5 Ne8
22. Bc4 Nxd6 23. Bxf7 Nxf7 24. Bb2 Ne5 25. Rxd7 Bxd7 26. Ne2 Nd3 27. Bxg7+ Kxg7
28. Qc3+ Kf7 29. Nd4 a5 30. a3 a4 31. b4 g5 32. f3 Re8 33. Qc2 Ra8 34. fxe4
fxe4 35. Qc4+ Kf6 36. Ne2 Bf5 37. Ng3 Ne5 38. Qd4 Re8 39. Nxe4+ Bxe4 40. Qxe4
Rd8 41. Qc2 Rd3 42. Qxa4 Rxe3 43. h3 Nd3 44. Qc2 Nf4 45. Kf1 Nd3 46. Qc3+ Kf5
47. a4 Re1+ 48. Qxe1 Nxe1 49. Kxe1 Ke4 50. Kd2 Kd4 51. b5 cxb5 52. c6 bxc6 53.
a5 Kc5 54. Kc3 b4+ 55. Kb3 Kb5 56. a6 Kxa6 57. Kxb4 Kb6 58. Kc4 c5 59. g3 Kc6
60. h4 g4 0-1

[Event "21.Wörishofen-Seniorenen op"]
[Site "Bad Wörishofen (03.03.-11.03)"]
[Date "2005.03.08"]
[Round "6.37"]
[White "Nietsch, Horst"]
[Black "Dinser, Hans"]
[Result "0-1"]
[WhiteElo "1905"]
[BlackElo "1875"]
[PlyCount "60"]
[EventDate "2005.03.??"]
[Source "Chessorg"]
[SourceDate "2005.12.10"]

1. e4 c5 2. Nf3 Nc6 3. d4 cxd4 4. Nxd4 Nf6 5. Nc3 e5 6. Nb3 a6 7. Bd3 d5 8. Bg5
d4 9. Nd5 h6 10. Bxf6 gxf6 11. Qf3 Be7 12. O-O-O Nb4 13. Nxb4 Bxb4 14. h3 Be6
15. Kb1 Kf8 16. Qe2 Rc8 17. f4 Bxb3 18. cxb3 exf4 19. Qg4 Bd6 20. Rc1 Ke7 21.
Bc4 h5 22. Qh4 Be5 23. Bd5 Rxc1+ 24. Rxc1 Qd7 25. Qf2 Rg8 26. Qe2 d3 27. Qd2
Rg3 28. Ka1 h4 29. Rb1 Qb5 30. Qd1 Qa5 0-1

[Event "21.Wörishofen-Seniorenen op"]
[Site "Bad Wörishofen (03.03.-11.03)"]
[Date "2005.03.08"]
[Round "6.38"]
[White "Schulte, Hans,Dr."]
[Black "Mantzouneas, Nikolaos"]
[Result "0-1"]
[WhiteElo "1756"]
[BlackElo "1873"]
[PlyCount "72"]
[EventDate "2005.03.??"]
[Source "Chessorg"]
[SourceDate "2005.12.10"]

1. f4 d5 2. Nf3 Nf6 3. e3 e6 4. b3 Be7 5. Bb5+ c6 6. Be2 O-O 7. O-O c5 8. Bb2
Nfd7 9. Qe1 Bf6 10. Bxf6 Nxf6 11. Ne5 Bd7 12. d3 b5 13. Nd2 a5 14. Ndf3 a4 15.
Qd2 Qb6 16. Kh1 Rd8 17. g4 Be8 18. g5 Ne4 19. Qe1 Nd6 20. Qf2 Nc6 21. Nxc6 Bxc6
22. Ne5 Bb7 23. Bf3 Qa5 24. Qe1 b4 25. Kg2 Nb5 26. e4 Nd4 27. Qf2 Nxf3 28. Kxf3
dxe4+ 29. dxe4 Rd4 30. Rfe1 Qd8 31. Re2 f5 32. gxf6 Qxf6 33. Qg1 Rf8 34. Nd3
Rxd3+ 35. cxd3 Qxf4+ 36. Kg2 Qf3# 0-1

[Event "21.Wörishofen-Seniorenen op"]
[Site "Bad Wörishofen (03.03.-11.03)"]
[Date "2005.03.08"]
[Round "6.39"]
[White "Moeckel, Edgar,Dr."]
[Black "Frey, Walter"]
[Result "1-0"]
[WhiteElo "1826"]
[BlackElo "1707"]
[PlyCount "62"]
[EventDate "2005.03.??"]
[Source "Chessorg"]
[SourceDate "2005.12.10"]

1. d4 Nf6 2. Nf3 g6 3. c4 Bg7 4. Nc3 d6 5. e4 c6 6. Be2 Bg4 7. Qb3 Qb6 8. Qxb6
axb6 9. Be3 O-O 10. h3 Bxf3 11. Bxf3 Nbd7 12. O-O e5 13. d5 Ne8 14. a3 f5 15.
exf5 c5 16. fxg6 hxg6 17. Ne4 Ndf6 18. Bg5 Kf7 19. g3 Nxe4 20. Bxe4 Nf6 21.
Rfe1 Rh8 22. Kg2 Bh6 23. Bxh6 Rxh6 24. Bc2 g5 25. Bf5 Rah8 26. a4 Ra8 27. Ra3
g4 28. hxg4 Rah8 29. a5 b5 30. Be6+ Ke7 31. cxb5 Ra8 1-0